OECD Integrity Review of Mexico City Upgrading the Local Anti-corruption System
Salvato in:
| Natura: | Libro |
|---|---|
| Lingua: | inglese |
| Pubblicazione: |
Paris
OECD
2019
|
| Serie: | OECD Public Governance Reviews
|
| Soggetti: | |
| Tags: |
Nessun Tag, puoi essere il primo ad aggiungerne!!
|
MARC
| LEADER | 00000nam a2200000 4500 | ||
|---|---|---|---|
| 001 | 0254351 | ||
| 005 | 20221220064953.3 | ||
| 020 | |a 978-92-64-30653-0 | ||
| 041 | 0 | |a eng | |
| 044 | |a FR | ||
| 245 | 1 | 0 | |a OECD Integrity Review of Mexico City |b Upgrading the Local Anti-corruption System |
| 264 | 1 | |a Paris |b OECD |c 2019 | |
| 300 | |a 248 s. | ||
| 490 | 1 | |a OECD Public Governance Reviews | |
| 830 | 0 | |a OECD Public Governance Reviews | |
| 610 | 2 | 0 | |a riziko |
| 610 | 2 | 0 | |a správa verejná |
| 610 | 2 | 0 | |a integrácia |
| 610 | 2 | 0 | |a kohézia |
| 610 | 2 | 0 | |a kultúra |
| 610 | 2 | 0 | |a korupcia |
| 610 | 2 | 0 | |a kontrola vnútorná |
| 610 | 2 | 0 | |a obstarávanie verejné |
| 610 | 2 | 0 | |a Mexiko |